000 00460nam a2200169Ia 4500
005 20250508153227.0
008 008 250505s9999 xx 000 0 eng d
037 _aTextual
040 _aFEDL
_beng
_cFEDL
041 _aeng
_2eng
084 _a901.9, UNE
_qFEDL
245 0 _aHistory of mankind : Cultural and scientific development Vol. 1
245 0 _cUNESCO
260 _c1963
942 _cTEXL
_h901.9, UNE
999 _c1341386
_d1341386